| 000 | 01338nam a2200253 a 4500 | ||
|---|---|---|---|
| 001 | 000656258 | ||
| 003 | AM-YeHGA | ||
| 005 | 20250617141419.0 | ||
| 008 | 090507s1976 bw |||||r|||||000|0|rus|d | ||
| 040 | _aAM-YeHGA | ||
| 041 | 0 | _arus | |
| 245 | 0 | 0 |
_aМеханизация и электрификация сельского хозяйства : _bСборник научных работ аспирантов / _cЦНИИМЭСХ; Ред. В.П. Вишнякова. |
| 246 | 1 | 4 | _aСборник научных работ аспирантов |
| 260 |
_aМинск : _bБ. и., _c1976. |
||
| 300 |
_a198, 7 с. : _bрис. ; _c20 см. |
||
| 504 | _aСписки лит. в конце работ | ||
| 650 | 1 | 4 | _aСельскохозяйственные машины и орудия |
| 650 | 1 | 4 | _aМеханизация сельского хозяйства |
| 653 | 0 | _aСельское хозяйство - Электрификация | |
| 653 | 0 | _aСельское хозяйство - Механизация | |
| 700 | 1 |
_aВишнякова, В.П. _eред. _4edt |
|
| 710 | 2 | _aЦентральный научно-исследовательский институт механизации и электрификации сельского хозяйства Нечерноземной зоны СССР | |
| 090 | _c239753 | ||
| 999 |
_c238182 _d238182 |
||